Themes And Variations (Record no. 34709)
[ view plain ]
| 000 -LEADER | |
|---|---|
| fixed length control field | 002810000a22001330004500 |
| 003 - CONTROL NUMBER IDENTIFIER | |
| control field | MACL |
| 040 ## - CATALOGING SOURCE | |
| Original cataloging agency | MACL |
| 090 ## - LOCALLY ASSIGNED LC-TYPE CALL NUMBER (OCLC); LOCAL CALL NUMBER (RLIN) | |
| -- | 35078 |
| -- | 35076 |
| 100 ## - MAIN ENTRY--PERSONAL NAME | |
| Personal name | Huxley, Alcous |
| 245 ## - TITLE STATEMENT | |
| Title | Themes And Variations |
| 260 ## - PUBLICATION, DISTRIBUTION, ETC. (IMPRINT) | |
| Name of publisher, distributor, etc. | Chtto & Windus |
| Date of publication, distribution, etc. | 1954 |
| 650 ## - SUBJECT ADDED ENTRY--TOPICAL TERM | |
| Topical term or geographic name as entry element | Essays |
| 942 ## - ADDED ENTRY ELEMENTS (KOHA) | |
| Koha item type | Library Membar |
| Call number prefix | 824/Hux |
| Withdrawn status | Lost status | Source of classification or shelving scheme | Damaged status | Not for loan | Home library | Current library | Date acquired | Total Checkouts | Full call number | Barcode | Date last seen | Uniform Resource Identifier | Price effective from | Koha item type |
|---|---|---|---|---|---|---|---|---|---|---|---|---|---|---|
| MACL | MACL | 15/04/2015 | 824/Hux BOOK | CLE007630 | 29/04/2015 | 34914 | 15/04/2015 | Books |









